| 000 | 00535nam a2200169 i 4500 | ||
|---|---|---|---|
| 001 | 91948 | ||
| 003 | ES-MaACL | ||
| 005 | 20230906180849.0 | ||
| 007 | t| | ||
| 008 | 050309s2002 sp ||||1| spa d | ||
| 080 | _a821.134.2(82)-31"19" | ||
| 100 | 1 |
_aLarreta, Enrique. _970347 |
|
| 245 | 1 | 3 |
_aLa gloria de don Ramiro / _cEnrique Larreta. |
| 260 |
_aAvila : _bAyuntamiento de Avila, Instituto Municipal de la Música y de la Cultura de Avila, _c[2002] |
||
| 300 |
_a427 p. : _bil. ; _c25 cm. |
||
| 852 |
_aES-MaACL _jL-29000 _bR.135402 |
||
| 999 |
_c91948 _d91948 |
||